Ligne Aigle - Ollon - Monthey - Champéry - Statistiques

Statistiques générales
  • Ce quiz a été pris 6 fois
  • Le résultat moyen est 14 sur 25
Statistiques - réponses
AOMC % Correct
Aigle
100%
Ollon
100%
Champéry
80%
Corbier
80%
Monthey-Ville
80%
Monthey-Ville
80%
Les Arnoux
60%
Monthey-en-Place
60%
Monthey-en-Place
60%
Monthey-Hôpital
60%
Pont du Rhône
60%
Troistorrents
60%
Val d'Illiez
60%
Champéry-Village
40%
Chemex
40%
Collombey-Village
40%
Croix du Nant
40%
En Charnet
40%
Fayot
40%
La Cour
40%
Les Neys
40%
Pont de Fayot
40%
Route de Morgins
40%
St-Triphon Gare
40%
Villy
40%
Aucun quiz correspondant
Distribution des résultats
% des personnes avec chaque résultat
Percentile par nombre de réponses
Votre historique - résultats
Vous n’avez pas pris ce quiz